000 00415nam a2200145Ia 4500
008 230312s9999||||xx |||||||||||||| ||und||
020 _a9781305581166
082 _a651.3
_bRAN-T
100 _aKulkarni,Mahesh
245 4 _aThe Indo-European Conference on Multilingual Communication Technologies (IEMCT)
260 _bCengage
_aUSA
_c2017
300 _a346
650 _aManagement
_vOffice management
942 _cBK
999 _c18276
_d18276